Espacios vectoriales y geometría analítica
Guardat en:
| Autor principal: | |
|---|---|
| Format: | Llibre |
| Idioma: | espanyol |
| Publicat: |
Washington, D.C
Organización de Estados Américanos
1974
|
| Edició: | 4a. ed |
| Col·lecció: | Serie de Matemática. Monografía, 2
|
| Matèries: | |
| Etiquetes: |
Afegir etiqueta
Sense etiquetes, Sigues el primer a etiquetar aquest registre!
|
MARC
| LEADER | 00000cam a2200000 a 4500 | ||
|---|---|---|---|
| 001 | UCD7374 | ||
| 003 | CL-VaPUC | ||
| 008 | 170317e19740000us |||||||||||||||||spa|d | ||
| 082 | 0 | 4 | |a 512.52 |b SAN |2 21 |
| 100 | 0 | |a Santaló, Luis A |e author |9 591386 | |
| 245 | 1 | 0 | |a Espacios vectoriales y geometría analítica |
| 250 | |a 4a. ed | ||
| 300 | |a 60 p | ||
| 942 | |c BK | ||
| 945 | |d 20170317 22:16:00 |a arojas | ||
| 260 | |a Washington, D.C |b Organización de Estados Américanos |c 1974 | ||
| 650 | 0 | |a Álgebra vectorial |9 269971 | |
| 650 | 0 | |a Espacios vectoriales |9 21 | |
| 650 | 0 | |a Geometría analítica |9 260062 | |
| 583 | |a last modification |c 20170317 22:16:00 |k Rodrigo Vera | ||
| 490 | 0 | |a Serie de Matemática. Monografía, 2 | |
| 999 | |c 367435 |d 367433 | ||
| 952 | |0 0 |1 0 |3 erb |4 0 |6 512_520000000000000_SAN_1974 |7 0 |8 A |9 482303 |a BIBMAT |b BIBMAT |i 5367077 |o 512.52 SAN 1974 |p 5367077 |r 2025-01-07 |w 2019-11-24 |y BK |z Catalogado en:20170317 |k MAT | ||